Southville International School and Colleges
Your cart is empty.
  • Cart
  • Lists
    Public lists Eva Luna New books Lux_list list_1
    Your lists Log in to create your own lists
  • Log in to your account
  • Your cookies
  • Search history
Southville International School and Colleges
  • Advanced search
  • Recent comments
  • Most popular
  • Libraries

Log in to your account

Log in with GOOGLE


If you do not have an external account, but do have a local account, you can still log in:

  1. Home
  2. MARC view: The two towers :
Normal view MARC view ISBD view

The two towers : (Record no. 115526)

[ view plain ]
MARC details
000 -LEADER
fixed length control field 01041cam a2200289 a 4500
001 - CONTROL NUMBER
control field 433615
003 - CONTROL NUMBER IDENTIFIER
control field LC
005 - DATE AND TIME OF LATEST TRANSACTION
control field 20160223115657.0
008 - FIXED-LENGTH DATA ELEMENTS--GENERAL INFORMATION
fixed length control field 811031t19811965maubf 000 1 eng
010 ## - LIBRARY OF CONGRESS CONTROL NUMBER
LC control number 81166148
020 ## - INTERNATIONAL STANDARD BOOK NUMBER
International Standard Book Number 0395312663
040 ## - CATALOGING SOURCE
Original cataloging agency DLC
Transcribing agency DLC
Modifying agency DLC
-- OCoLC
-- DLC
050 00 - LIBRARY OF CONGRESS CALL NUMBER
Classification number PR 6039.O32
Item number .T649 1954
100 1# - MAIN ENTRY--PERSONAL NAME
Personal name Tolkien, J. R. R.
Fuller form of name (John Ronald Reuel),
Dates associated with a name 1892-1973.
9 (RLIN) 28185
245 14 - TITLE STATEMENT
Title The two towers :
Statement of responsibility, etc J.R.R. Tolkien.
250 ## - EDITION STATEMENT
Edition statement Silver anniversary ed.
260 ## - PUBLICATION, DISTRIBUTION, ETC. (IMPRINT)
Place of publication, distribution, etc Boston :
Name of publisher, distributor, etc Houghton Mifflin,
Date of publication, distribution, etc c1954.
300 ## - PHYSICAL DESCRIPTION
Extent 725 p. :
Dimensions 23 cm.
490 1# - SERIES STATEMENT
Series statement The Lord of the rings / J.R.R. Tolkien ;
Volume number/sequential designation pt. 2
650 #0 - SUBJECT ADDED ENTRY--TOPICAL TERM
Topical term or geographic name as entry element Baggins, Frodo (Fictitious character)
General subdivision Fiction.
9 (RLIN) 28186
650 #0 - SUBJECT ADDED ENTRY--TOPICAL TERM
Topical term or geographic name as entry element Middle Earth (Imaginary place)
General subdivision Fiction.
9 (RLIN) 28187
655 #7 - INDEX TERM--GENRE/FORM
Genre/form data or focus term Fantasy fiction.
Source of term gsafd
9 (RLIN) 3053
800 1# - SERIES ADDED ENTRY--PERSONAL NAME
Personal name Tolkien, J. R. R.
Fuller form of name (John Ronald Reuel),
Dates associated with a name 1892-1973.
Title of a work Lord of the rings (Silver anniversary edition) ;
Volume/sequential designation pt. 2.
9 (RLIN) 28188
906 ## - LOCAL DATA ELEMENT F, LDF (RLIN)
a 7
b cbc
c orignew
d 2
e ncip
f 19
g y-gencatlg
942 ## - ADDED ENTRY ELEMENTS (KOHA)
Source of classification or shelving scheme Library of Congress Classification
Koha item type Books
Holdings
Withdrawn status Lost status Source of classification or shelving scheme Damaged status Home library Current library Shelving location Date acquired Sub Shelving location Total Checkouts Total Renewals Full call number Barcode Date last seen Date checked out Copy number Price effective from Koha item type
    Library of Congress Classification   Luxembourg Library Luxembourg Library Fiction Section 04/28/2014   2 5 PR 6039.O32 .T649 1954 17959 09/09/2024 09/02/2024 1 04/28/2014 Books

The two towers :

APA

Tolkien J. R. R., . (1954). The two towers. Boston: Houghton Mifflin.

Chicago

Tolkien J R R, . 1954. The two towers. Boston: Houghton Mifflin.

Harvard

Tolkien J. R. R., . (1954). The two towers. Boston: Houghton Mifflin.

MLA

Tolkien J R R, . The two towers. Boston: Houghton Mifflin. 1954.

  • Place hold
  • Print
  • Cite
  • Add to your cart (remove)
  • Save record
    BIBTEX Dublin Core MARCXML MARC (non-Unicode/MARC-8) MARC (Unicode/UTF-8) MARC (Unicode/UTF-8, Standard) MODS (XML) RIS
  • More searches
    Search for this title in:
    Other Libraries (WorldCat) Other Databases (Google Scholar) Online Stores (Bookfinder.com) Open Library (openlibrary.org)

Exporting to Dublin Core...

SOUTHVILLE LIBRARY

Southville International School and Colleges Library

1281 Tropical Ave. Cor. Luxembourg St., BF Homes International, Las Pinas City

Tel. No. 8256374 / 252358 Loc. 117/146

Powered by Koha